ბათუმის შოთა რუსთაველის სახელმწიფო უნივერსიტეტის ბიბლიოთეკა

First Aid for the USMLE Step 1 2013 : (ბიბ.ჩანაწერი № 57477)

000 -LEADER
fixed length control field 00656cam a22002054a 4500
001 - CONTROL NUMBER
control field 11939167
005 - DATE AND TIME OF LATEST TRANSACTION
control field 20221007163936.0
008 - FIXED-LENGTH DATA ELEMENTS--GENERAL INFORMATION
fixed length control field 000312s1996 cau b 000 0 eng
010 ## - LIBRARY OF CONGRESS CONTROL NUMBER
LC control number 00500884
020 ## - INTERNATIONAL STANDARD BOOK NUMBER
International Standard Book Number 9780071440677
041 ## - LANGUAGE CODE
Language code of text/sound track or separate title eng
080 ## - UNIVERSAL DECIMAL CLASSIFICATION NUMBER
Universal Decimal Classification number 61 F-56
245 10 - TITLE STATEMENT
Title First Aid for the USMLE Step 1 2013 :
Remainder of title USMLE step 1 /
Statement of responsibility, etc. Tao Le, Vikas Bhushan, Vivek T. Kulkarni, Matthew M. Sochat
250 ## - EDITION STATEMENT
Edition statement
264 ## - PRODUCTION, PUBLICATION, DISTRIBUTION, MANUFACTURE, AND COPYRIGHT NOTICE
Place of production, publication, distribution, manufacture [Orange, CA?] :
Name of producer, publisher, distributor, manufacturer Student to Student Medical Pub.,
Date of production, publication, distribution, manufacture, or copyright notice 2013.
300 ## - PHYSICAL DESCRIPTION
Extent 694 p. ;
Dimensions 28 cm.
653 ## - INDEX TERM--UNCONTROLLED
keyword მედიცინა
653 ## - INDEX TERM--UNCONTROLLED
keyword პირველადი დახმარება
942 ## - ADDED ENTRY ELEMENTS (KOHA)
Source of classification or shelving scheme
Koha item type წიგნი
ეგზემპლარები
Withdrawn status Lost status Source of classification or shelving scheme Damaged status Not for loan Permanent Location Current Location Shelving location Date acquired Coded location qualifier Full call number Barcode Date last seen Copy number Price effective from Koha item type Public note
          ბათუმის შოთა რუსთაველის სახელმწიფო უნივერსიტეტის მთავარი ბიბლიოთეკა ბათუმის შოთა რუსთაველის სახელმწიფო უნივერსიტეტის მთავარი ბიბლიოთეკა წიგნსაცავი 2020-06-25 70.00 61 F-56 60674 2020-06-25 60674 2020-06-25 წიგნი 70 ლ.